| 000 | 00000nam 2200000zi 4500 |
| 001 | 9.932485 |
| 003 | CaOODSP |
| 005 | 20251003160808 |
| 006 | m o d f |
| 007 | cr cn||||||||| |
| 008 | 240115t20242024onca o f000 0 eng d |
| 020 | |a9780660696386 |
| 040 | |aCaOODSP|beng|erda|cCaOODSP |
| 043 | |an-cn--- |
| 086 | 1 |aCi4-255/2024E-PDF |
| 245 | 00|aPolicy on Francophone immigration. |
| 264 | 1|a[Ottawa] : |bImmigration, Refugees and Citizenship Canada = Immigration, réfugiés et citoyenneté Canada, |c2024. |
| 264 | 4|c©2024 |
| 300 | |a1 online resource (45 pages) : |billustrations |
| 336 | |atext|btxt|2rdacontent |
| 337 | |acomputer|bc|2rdamedia |
| 338 | |aonline resource|bcr|2rdacarrier |
| 500 | |aCover title. |
| 500 | |aIssued also in French under title: Politique en matière d'immigration francophone. |
| 500 | |aPublication replaced on October 3, 2025 as requested by the publisher. |
| 520 | |a"The Policy strives for an expanded presence of thriving Francophone and Acadian communities that benefit from growing immigration to enrich their social and economic fabric. The overall success of French-speaking immigrants within welcoming communities is part of a positive feedback loop—it is both a condition for and proof of the vitality of these communities"--Page 4. |
| 650 | 0|aFrench language|xGovernment policy|zCanada. |
| 650 | 0|aLinguistic minorities|zCanada. |
| 651 | 0|aCanada|xEmigration and immigration|xGovernment policy. |
| 710 | 1 |aCanada. |bImmigration, Refugees and Citizenship Canada, |eissuing body. |
| 775 | 08|tPolitique en matière d'immigration francophone.|w(CaOODSP)9.932487 |
| 856 | 40|qPDF|s1.77 MB|uhttps://publications.gc.ca/collections/collection_2024/ircc/Ci4-255-2024-eng.pdf |
| 856 | 4 |qHTML|sN/A|uhttps://www.canada.ca/en/immigration-refugees-citizenship/corporate/publications-manuals/francophone-immigration-strategy-2024.html |
| 986 | |a3658-01-2024 |